Statistics for Airlines serving Sydney Airport

Click here to take the quiz!

General Stats

  • This quiz has been taken 816 times
  • The average score is 22 of 36

Answer Stats

Answer% Correct
Qantas
98%
Air China
91%
Singapore Airlines
88%
Emirates
88%
Air New Zealand
87%
China Airlines
85%
British Airways
82%
Virgin
81%
United Airlines
80%
Japan Airlines
79%
Malaysia Airlines
77%
Thai Airways
75%
Delta Air Lines
75%
Air India
73%
Etihad Airways
72%
China Southern Airlines
71%
Garuda Indonesia
69%
Cathay Pacific
69%
Korean Air
67%
AirAsia
66%
China Eastern Airlines
64%
Air Canada
61%
Vietnam Airlines
61%
Fiji Airways
60%
Philippine Airlines
49%
Tigerair Australia
47%
Asiana Airlines
43%
Hawaiian Airlines
40%
LAN Airlines
39%
Scoot
32%
Air Vanuatu
29%
Regional Express Airlines
27%
Cebu Pacific
23%
Air Niugini
20%
Aircalin
18%
Sichuan Airlines
12%

Score Distribution

Percentile by Number Answered

Percent of People with Each Score

Your Score History

You have not taken this quiz